Представление документа в формате RUSMARC

ПолеНазваниеЗначение
  Тип записи a
  Библиографический уровень a
001 Контрольный номер RU/CBS_UL/BASE/552474135
005 Дата корректировки 20250122214509.6
100 Данные общей обработки __
a Данные общей обработки 20170704d2017 ||| 0rusy0189 ca
101 Язык документа 0_
a Язык текста rus
102 Страна публикации __
a Страна публикации RU
105 Кодированные данные (монография) __
a Кодированные данные (монография) y###||||000|y
200 Заглавие и сведения об ответственности 1_
a Заглавие Застолье с Распутиным
b Общее обозначение материала Текст
e Сведения, относящиеся к заглавию ["Дочь Ивана, мать Ивана": перерождение в народе идет быстрее, чем ожидалось]
f Первые сведения об ответственности А. Юрков
300 Общие примечания __
a Общие примечания Ограничения по возрасту - 16+
461 Уровень набора _0
1 2000
a Российская газета
463 Уровень физической единицы _0
1 001RU/CBS_UL/BASE/552471155
1 2000
a № 141 (29июня-5июля)
v С. 28
1 210
d 2017
600 Персоналии _0
a Персоналии (Фамилия) Распутин
b Персоналии (Имя, инициалы) В. Г.
606 Тематические рубрики 0_
a Основная рубрика Распутин, Валентин Григорьевич (1937-2015)
610 Ключевые слова 0_
a Ключевые слова российские писатели
610 Ключевые слова 0_
a Ключевые слова публицисты
610 Ключевые слова 0_
a Ключевые слова русские писатели
610 Ключевые слова 0_
a Ключевые слова общественные деятели
686 Индексы других классификаций __
a Классификационный индекс 83.3(2Рос=Рус)6
2 Код системы ББК
700 Автор _1
a Фамилия Юрков
b Имя (инициалы) А.
801 Источник записи _0
a Страна RU
b Организация МБУК ЦБС г. Ульяновска
c Дата составления 20170704
g Правила каталогизации RCR
801 Источник записи _1
a Страна RU
b Организация МБУК ЦБС г. Ульяновска
c Дата составления 20170704
g Правила каталогизации RCR
901 Тип документа __
t Тип документа f
w Контрольный № источника RU/CBS_UL/BASE/552471155
910 Корректоры записи __
a Корректор записи Ильина
938 Служебная информация __
a Имя БД period